| 000 | 01353cam a22003617a 4500 | ||
|---|---|---|---|
| 003 | CHAP | ||
| 005 | 20220329133037.0 | ||
| 008 | 971013s1990 r 00010 d | ||
| 010 | _a1563 | ||
| 011 | _a2535 | ||
| 035 | _a1730 | ||
| 040 | _cCHAP | ||
| 090 | _aTesis | ||
| 100 | 0 | 0 |
_aVelasco Velasco, Vicente Arturo. _9118451 |
| 245 | 0 | _aEfecto de algunos nutrientes sobre plantas de chile de agua (Capsicum annuum L.) aparentemente enfermas de virus en valles centrales de Oaxaca, México | |
| 260 |
_aMontecillo, Méx. : _bEl autor, _c1990 |
||
| 300 |
_a161 h. _b: gráfs. ; tablas |
||
| 502 | _aTesis (M. C. Esp. en Edafología) -- C.P. Centro de Edafología | ||
| 590 |
_aALEPH _b10 _c20130110 _lUCH01 _h1208 |
||
| 590 |
_aBATCH-UPD _b10 _c20130110 _lUCH01 _h1118 |
||
| 590 |
_aBATCH-UPD _b10 _c20130410 _lUCH01 _h0708 |
||
| 590 |
_aBATCH-UPD _b10 _c20130914 _lUCH01 _h0923 |
||
| 590 |
_aCONVERSION _b10 _c20130109 _lUCH01 _h1302 |
||
| 650 | 1 | 4 |
_aChile (Botánica) _xEnfermedades por virus. _922356 |
| 650 | 1 | 4 |
_aChile (Botánica) _xRendimiento. _922388 |
| 650 | 1 | 4 |
_aFertilizantes _xEfecto en chile. _940493 |
| 650 | 1 | 4 |
_aPlantas _xElementos minerales. _988823 |
| 650 | 1 | 4 |
_aPlantas _xNutrición. _988874 |
| 901 | _aBK | ||
| 942 | _cFOLL | ||
| 949 |
_bBC _cTES _d-11222 _eTS1 _h23510 _i1730 _si |
||
| 949 |
_bBC _cTES _d33724000693230 _eTS2 _fc.2 _h23511 _i1730 _si |
||
| 999 |
_c1563 _d1563 |
||